00501cam a2200157 a 450000100100000000500170001000800410002704000230006808200210009110000320011224500490014426000360019330000330022950400290026265100520029100000690920200929154022.0890530s1987 cu a b 000 0aspa  aDO-SdBNPcDLCdDLC a972.91063bL431r1 aLazo Pérez, Mario,d1931-10aRecuerdos del Moncada /cMario Lazo Pérez. aLa Habana :bPolítica,c1987. axiv, 190 p. :bil. ;c23 cm. aBibliografías: p. 191. 4aCubaxHistoriayASALTO AL CUARTEL MONCADA, 1953